| 000 | 00507nam a2200181 a 4500 | ||
|---|---|---|---|
| 001 | 10596 | ||
| 003 | CO-ViMGA | ||
| 008 | 141112s2004 ck r 000 u spa d | ||
| 040 |
_aCO-ViMGA _bspa _cCO-ViMGA |
||
| 082 | 0 | 4 | _a986.35 O21h |
| 100 | 1 |
_aOcampo López ; Javier, _914391 |
|
| 245 | 1 | 0 | _aHistoria del pueblo Boyacense |
| 260 |
_aTunja : _bEdiciones Instituto de cultura y Bellas arte, _c1983 |
||
| 300 | _a262p. | ||
| 650 | 1 | 4 |
_aBOYACA - COLOMBIA _914392 |
| 650 | 1 | 4 |
_aHISTORIA _914393 |
| 942 |
_2ddc _cBK |
||
| 999 |
_c21904 _d21904 |
||